[Event "POL-ch Rapid U18 Girls"]
[Site "Bydgoszcz"]
[Date "2023.08.30"]
[Round "10"]
[White "Nowak, Roksana"]
[Black "Rejniak, Zuzanna"]
[Result "1/2-1/2"]
[WhiteElo "1721"]
[BlackElo "1632"]
[PlyCount "163"]
[EventDate "2023.08.28"]
[EventType "swiss"]
[EventRounds "11"]
[EventCountry "POL"]
[SourceTitle "EXT 2024"]
[Source "ChessBase"]
[SourceDate "2023.10.10"]
[SourceVersion "1"]
[SourceVersionDate "2023.10.10"]
[SourceQuality "1"]

1. Nf3 Nf6 2. e3 d5 3. b3 c5 4. Bb2 Nc6 5. Bb5 Qc7 6. 0-0 e6 7. Ne5 Bd7 8. Bxc6 Bxc6 9. f4 Be7 10. d3 0-0 11. Nd2 b5 12. Qe1 Rfc8 13. c4 bxc4 14. dxc4 a5 15. a4 dxc4 16. Nxc6 Qxc6 17. Nxc4 Qc7 18. Be5 Qa7 19. Bc3 Bd8 20. Nd6 Rc6 21. Nb5 Qe7 22. Rc1 Bb6 23. Qg3 Rd8 24. Qe1 Rd3 25. Bxa5 Bxa5 26. Qxa5 Rxe3 27. Rfd1 Rc8 28. b4 Nd5 29. Qa6 Rf8 30. bxc5 Qh4 31. Nd4 Nxf4 32. Qf1 Qg5 33. Kh1 Nd3 34. Rc2 Nxc5 35. Nf3 Qh5 36. Qf2 Rd3 37. Re1 Nxa4 38. Rce2 Qa5 39. Ne5 Rd5 40. Nf3 Nc3 41. Re3 Nd1 42. Qe2 Nxe3 43. Qxe3 Qc5 44. Qf4 Rf5 45. Qg3 Qc3 46. h3 Rc8 47. Re4 Qc1+ 48. Re1 Qf4 49. Qf2 Rc1 50. Rxc1 Qxc1+ 51. Kh2 Qc7+ 52. Kh1 Ra5 53. Qb2 Rc5 54. Qa2 Rc1+ 55. Ng1 h6 56. Qa8+ Kh7 57. Qe4+ g6 58. Qd4 Qc5 59. Qxc5 Rxc5 60. Nf3 f5 61. Kg1 e5 62. Kf2 Kg7 63. h4 Kf6 64. Nd2 Rc2 65. Ke3 g5 66. hxg5+ hxg5 67. g3 Rc3+ 68. Kf2 e4 69. Nf1 f4 70. gxf4 gxf4 71. Ke2 Ke5 72. Kd2 Rh3 73. Ke2 e3 74. Kd3 Rh1 75. Ke2 Ke4 76. Ng3+ Ke5 77. Nxh1 Ke4 78. Ke1 Kf3 79. Kf1 Kg4 80. Ke2 Kh3 81. Kf3 Kh2 82. Nf2 1/2-1/2

[Event "POL-ch Rapid U18 Girls"]
[Site "Bydgoszcz"]
[Date "2023.08.30"]
[Round "8"]
[White "Rejniak, Zuzanna"]
[Black "Biliak, Viktoria"]
[Result "1-0"]
[WhiteElo "1632"]
[BlackElo "1659"]
[PlyCount "119"]
[EventDate "2023.08.28"]
[EventType "swiss"]
[EventRounds "11"]
[EventCountry "POL"]
[SourceTitle "EXT 2024"]
[Source "ChessBase"]
[SourceDate "2023.10.10"]
[SourceVersion "1"]
[SourceVersionDate "2023.10.10"]
[SourceQuality "1"]

1. e4 e5 2. Nf3 Nc6 3. Bc4 d6 4. 0-0 Be7 5. d3 Nf6 6. Re1 0-0 7. c3 Be6 8. Bb5 a6 9. Ba4 b5 10. Bc2 Bg4 11. Nbd2 b4 12. h3 Bd7 13. Nf1 bxc3 14. bxc3 Rb8 15. d4 exd4 16. cxd4 d5 17. e5 Ne8 18. Ne3 Be6 19. Qd3 g6 20. Qxa6 Nb4 21. Qe2 Nxc2 22. Qxc2 Ng7 23. a4 Nf5 24. Bd2 Bb4 25. Rec1 Bxd2 26. Qxd2 Qe7 27. a5 Nxe3 28. Qxe3 Rb5 29. a6 Ra8 30. Qh6 Qf8 31. Qxf8+ Kxf8 32. Rxc7 h6 33. a7 Ke8 34. Rc5 Rb7 35. Rca5 Kd7 36. Ra6 Rb4 37. R6a4 Rb6 38. Ne1 Rb3 39. Nc2 Kc7 40. Ne3 Kb7 41. Ra5 Rb4 42. Nxd5 Bxd5 43. Rxd5 Kc6 44. Rd6+ Kc7 45. Rc1+ Kb7 46. Rd7+ Kb6 47. Rxf7 Rxa7 48. Rf6+ Kb5 49. Rxg6 Rxd4 50. Rxh6 Re7 51. Re1 Kc5 52. g3 Ra4 53. h4 Kd5 54. Rd6+ Kc5 55. Rd3 Rg4 56. Kg2 Kc4 57. Rd6 Kc5 58. Rc1+ Kb5 59. e6 Re4 60. Rcc6 1-0

[Event "POL-ch Rapid U18 Girls"]
[Site "Bydgoszcz"]
[Date "2023.08.30"]
[Round "9"]
[White "Rejniak, Zuzanna"]
[Black "Hertlein, Irena"]
[Result "0-1"]
[WhiteElo "1632"]
[BlackElo "1865"]
[PlyCount "118"]
[EventDate "2023.08.28"]
[EventType "swiss"]
[EventRounds "11"]
[EventCountry "POL"]
[SourceTitle "EXT 2024"]
[Source "ChessBase"]
[SourceDate "2023.10.10"]
[SourceVersion "1"]
[SourceVersionDate "2023.10.10"]
[SourceQuality "1"]

1. e4 c5 2. Ne2 d6 3. g3 Nf6 4. Bg2 Nc6 5. c3 g6 6. d4 cxd4 7. cxd4 Bg7 8. Nbc3 0-0 9. 0-0 Bg4 10. h3 Bxe2 11. Nxe2 Rc8 12. Be3 Nb4 13. Nc3 Qd7 14. Rc1 Rc7 15. Qe2 Rfc8 16. Rfd1 Ne8 17. a3 Na6 18. Nb5 Rxc1 19. Bxc1 Nac7 20. Nc3 b5 21. Be3 a5 22. b4 axb4 23. axb4 Na6 24. Qxb5 Qxb5 25. Nxb5 Nxb4 26. Rc1 Rxc1+ 27. Bxc1 Na6 28. Bg5 Kf8 29. Be3 Nec7 30. Nxc7 Nxc7 31. d5 e6 32. dxe6 fxe6 33. Kf1 Ke7 34. Ke2 Nb5 35. Kd3 Kd7 36. Kc4 Kc6 37. h4 Nc7 38. Kd3 d5 39. exd5+ exd5 40. Bd4 Bxd4 41. Kxd4 Kd6 42. Bh3 Nb5+ 43. Ke3 Kc5 44. f4 d4+ 45. Kd2 Nd6 46. g4 Ne4+ 47. Ke2 d3+ 48. Kxd3 Nf2+ 49. Ke3 Nxh3 50. Kf3 Kd4 51. Kg3 Ke4 52. f5 Nf4 53. f6 h6 54. g5 hxg5 55. hxg5 Ne6 56. Kg4 Ke5 57. Kh4 Kf5 58. f7 Kf4 59. Kh3 Nxg5+ 0-1

[Event "POL-ch Rapid U18 Girls"]
[Site "Bydgoszcz"]
[Date "2023.08.29"]
[Round "5"]
[White "Jedrzejko, Martyna"]
[Black "Rejniak, Zuzanna"]
[Result "0-1"]
[WhiteElo "1535"]
[BlackElo "1632"]
[PlyCount "80"]
[EventDate "2023.08.28"]
[EventType "swiss"]
[EventRounds "11"]
[EventCountry "POL"]
[SourceTitle "EXT 2024"]
[Source "ChessBase"]
[SourceDate "2023.10.10"]
[SourceVersion "1"]
[SourceVersionDate "2023.10.10"]
[SourceQuality "1"]

1. e4 c5 2. c3 Nf6 3. e5 Nd5 4. Nf3 d6 5. d4 cxd4 6. cxd4 Nc6 7. Bc4 dxe5 8. dxe5 Ndb4 9. Qxd8+ Nxd8 10. Na3 a6 11. Bd2 e6 12. Rd1 Ndc6 13. Bc3 Be7 14. 0-0 b5 15. Bb3 Na5 16. Nc2 Nbc6 17. Ncd4 Nxd4 18. Nxd4 Nxb3 19. Nxb3 Bb7 20. Rd2 Bd5 21. f4 0-0 22. f5 Bxb3 23. axb3 exf5 24. Rxf5 Bc5+ 25. Kf1 b4 26. Bd4 Rfd8 27. Rf4 Rd5 28. Ke2 Rad8 29. Ke3 Rxe5+ 30. Re4 Rxe4+ 31. Kxe4 f5+ 32. Ke5 Kf7 33. g3 g6 34. h4 h5 35. Rd1 Bd6+ 36. Kd5 Bxg3+ 37. Kc4 Bf2 38. Rd2 Rxd4+ 39. Rxd4 Bxd4 40. Kxd4 Ke6 0-1

[Event "POL-ch Rapid U18 Girls"]
[Site "Bydgoszcz"]
[Date "2023.08.29"]
[Round "6"]
[White "Rejniak, Zuzanna"]
[Black "Zabrzanska, Weronika"]
[Result "1/2-1/2"]
[WhiteElo "1632"]
[BlackElo "1892"]
[PlyCount "108"]
[EventDate "2023.08.28"]
[EventType "swiss"]
[EventRounds "11"]
[EventCountry "POL"]
[SourceTitle "EXT 2024"]
[Source "ChessBase"]
[SourceDate "2023.10.10"]
[SourceVersion "1"]
[SourceVersionDate "2023.10.10"]
[SourceQuality "1"]

1. e4 e5 2. Nf3 Nc6 3. Bc4 Bc5 4. d3 Nf6 5. 0-0 0-0 6. h3 a6 7. a3 d5 8. exd5 Nxd5 9. Nbd2 f5 10. Ne4 Be7 11. Nc3 Be6 12. Ng5 Bxg5 13. Bxg5 Qxg5 14. Nxd5 f4 15. Nxc7 Bxc4 16. dxc4 f3 17. g3 Rad8 18. Nd5 Qf5 19. Kh2 Kh8 20. Qd3 e4 21. Qe3 Ne5 22. b3 Rde8 23. Rae1 Nf7 24. Qf4 Qg6 25. Qg4 Qxg4 26. hxg4 Re5 27. Re3 Rfe8 28. Rfe1 Ng5 29. Nc3 Kg8 30. Kg1 Kf7 31. Nd5 b5 32. Nc7 Rc8 33. Nxa6 bxc4 34. b4 Rd8 35. Nc5 Rd2 36. Nxe4 Nxe4 37. Rxe4 Rxe4 38. Rxe4 Rxc2 39. Rf4+ Ke6 40. Rxf3 Rc1+ 41. Kg2 c3 42. Rf8 Kd7 43. Rf7+ Kd6 44. Rf5 Ra1 45. Rc5 Rxa3 46. Kf3 Rb3 47. Ke3 c2+ 48. Kd2 Rxb4 49. Rxc2 Rxg4 50. Ke3 Rb4 51. Kf3 h6 52. Re2 Rc4 53. g4 Rb4 54. Kg3 Rc4 1/2-1/2

[Event "POL-ch U20 Girls"]
[Site "Karpacz"]
[Date "2022.11.24"]
[Round "7"]
[White "Hertlein, Irena"]
[Black "Rejniak, Zuzanna"]
[Result "1-0"]
[WhiteElo "1965"]
[BlackElo "1831"]
[PlyCount "91"]
[EventDate "2022.11.19"]
[EventType "swiss"]
[EventRounds "9"]
[EventCountry "POL"]
[SourceTitle "EXT 2024"]
[Source "ChessBase"]
[SourceDate "2023.10.10"]
[SourceVersion "1"]
[SourceVersionDate "2023.10.10"]
[SourceQuality "1"]

1. e4 c5 2. Nf3 a6 3. c4 Nc6 4. d4 cxd4 5. Nxd4 e5 6. Nf5 d6 7. Nc3 Bxf5 8. exf5 Nf6 9. Be3 Be7 10. g4 h5 11. g5 Ng4 12. h4 Qc8 13. Nd5 Bd8 14. Qf3 Ba5+ 15. Kd1 Nxe3+ 16. fxe3 Nb4 17. g6 fxg6 18. f6 Qg4 19. Qxg4 hxg4 20. fxg7 Rg8 21. Nf6+ Kf7 22. Nxg8 Kxg8 23. a3 Nc6 24. Rg1 Kxg7 25. Rxg4 Rg8 26. Bd3 Ne7 27. Ke2 Kf6 28. Rf1+ Ke6 29. Rfg1 Kf7 30. Be4 b5 31. cxb5 axb5 32. h5 d5 33. hxg6+ Kf6 34. Bd3 e4 35. Bxb5 Rxg6 36. Rxg6+ Nxg6 37. b4 Bb6 38. a4 Ne5 39. a5 Ba7 40. Rd1 Ke6 41. Rc1 d4 42. exd4 Bxd4 43. a6 Ng6 44. Rc4 Nf4+ 45. Kf1 Ke5 46. Rxd4 1-0

[Event "POL-ch U20 Girls"]
[Site "Karpacz"]
[Date "2022.11.21"]
[Round "3"]
[White "Rejniak, Zuzanna"]
[Black "Kochanowska, Patrycja"]
[Result "1-0"]
[WhiteElo "1831"]
[BlackElo "1211"]
[PlyCount "99"]
[EventDate "2022.11.19"]
[EventType "swiss"]
[EventRounds "9"]
[EventCountry "POL"]
[SourceTitle "EXT 2024"]
[Source "ChessBase"]
[SourceDate "2023.10.10"]
[SourceVersion "1"]
[SourceVersionDate "2023.10.10"]
[SourceQuality "1"]

1. e4 c5 2. Nf3 e6 3. d4 cxd4 4. Nxd4 a6 5. Bd3 Qc7 6. 0-0 b5 7. a3 Bb7 8. Nc3 Nf6 9. Qe2 Be7 10. Kh1 0-0 11. f4 d6 12. Rf3 Nbd7 13. Rh3 Nc5 14. e5 Nxd3 15. exf6 Nxf4 16. Bxf4 Bxf6 17. Qd3 g6 18. Nf3 e5 19. Bg5 Bg7 20. Rd1 d5 21. Nxd5 Bxd5 22. Qxd5 h6 23. Bh4 g5 24. Bxg5 hxg5 25. Qe4 Rfd8 26. Rf1 Qc4 27. Qxc4 bxc4 28. Nxg5 f6 29. Ne6 Rd6 30. Nxg7 Kxg7 31. Rc3 Rc8 32. b4 Rd5 33. g4 Rd4 34. h3 Rh8 35. Kg2 Rhd8 36. Kg3 Kf7 37. Rcf3 R4d6 38. g5 Rg8 39. Rxf6+ Ke7 40. Rxd6 Kxd6 41. h4 Kd5 42. Kg4 Kd4 43. h5 e4 44. h6 Rh8 45. Kh5 e3 46. g6 e2 47. Re1 Ke3 48. g7 Rb8 49. h7 Kd2 50. Rxe2+ 1-0

[Event "POL-ch U20 Girls"]
[Site "Karpacz"]
[Date "2022.11.20"]
[Round "2"]
[White "Rejniak, Zuzanna"]
[Black "Kulpa, Zuzanna"]
[Result "1-0"]
[WhiteElo "1831"]
[BlackElo "1928"]
[PlyCount "159"]
[EventDate "2022.11.19"]
[EventType "swiss"]
[EventRounds "9"]
[EventCountry "POL"]
[SourceTitle "EXT 2024"]
[Source "ChessBase"]
[SourceDate "2023.10.10"]
[SourceVersion "1"]
[SourceVersionDate "2023.10.10"]
[SourceQuality "1"]

1. e4 e5 2. Nf3 Nc6 3. Bc4 Nf6 4. d3 Be7 5. 0-0 0-0 6. Nc3 d6 7. h3 Na5 8. Bb3 c5 9. Bd5 Rb8 10. a4 Nc6 11. Bc4 Be6 12. Bg5 h6 13. Bxf6 Bxf6 14. Nd5 Bxd5 15. Bxd5 Ne7 16. Bb3 g5 17. Nh2 Ng6 18. Ng4 Bg7 19. Ne3 Kh7 20. g3 Qd7 21. Qg4 Rbd8 22. Qxd7 Rxd7 23. c3 Rfd8 24. a5 Rb8 25. Ba4 Rdd8 26. Bb3 Rd7 27. Ba4 Rdd8 28. Nd5 Rf8 29. Bd7 Kg8 30. Bf5 Rfe8 31. b4 cxb4 32. cxb4 Nf8 33. Nc7 Red8 34. Rfc1 a6 35. Rc2 Nd7 36. Bxd7 Rxd7 37. Nd5 Rf8 38. g4 Rb8 39. Rac1 Kf8 40. Rc8+ Rd8 41. R8c7 Bh8 42. Nb6 Ke8 43. Re1 Bf6 44. Re3 Be7 45. Rf3 f6 46. Kf1 Kf8 47. Nd7+ Rxd7 48. Rxd7 Ke8 49. Rc7 Kd8 50. Rc4 Kd7 51. Re3 b6 52. axb6 Rxb6 53. Re2 d5 54. exd5 Bxb4 55. Rec2 Bd6 56. Rc6 Rb5 57. Rxa6 Rxd5 58. Ke2 Rd4 59. Rc4 Rd5 60. Ra7+ Ke6 61. Rh7 Rb5 62. Rxh6 Bc5 63. Rc2 Kf7 64. Rh7+ Kg6 65. Rc7 Bd4 66. Rd7 Rb8 67. Rcc7 Rg8 68. f3 Bb6 69. Rb7 Bd4 70. Kd1 Bc5 71. Kc2 Bf8 72. Rb8 Rg7 73. Rxg7+ Bxg7 74. Kb3 f5 75. Rb6+ Bf6 76. Kc4 fxg4 77. hxg4 Kf7 78. Kd5 Bh8 79. Re6 Bg7 80. Rxe5 1-0

[Event "POL-chT 2nd League"]
[Site "Jastrzebia Gora"]
[Date "2022.09.11"]
[Round "9.82"]
[White "Rejniak, Zuzanna"]
[Black "Bednarska, Malgorzata"]
[Result "0-1"]
[WhiteElo "1834"]
[BlackElo "1909"]
[PlyCount "94"]
[EventDate "2022.09.03"]
[EventType "team-swiss"]
[EventRounds "9"]
[EventCountry "POL"]
[SourceTitle "CBM 210 Extra"]
[Source "ChessBase"]
[SourceDate "2022.11.30"]
[SourceVersion "1"]
[SourceVersionDate "2022.11.30"]
[SourceQuality "1"]
[WhiteTeam "Warszawa Czternastka"]
[BlackTeam "Warszawa YMCA"]
[WhiteTeamCountry "POL"]
[BlackTeamCountry "POL"]

1. e4 c5 2. c3 Nf6 3. e5 Nd5 4. Nf3 d6 5. d4 cxd4 6. cxd4 Nc6 7. Bc4 Nb6 8. Bb5 Bd7 9. exd6 e6 10. Bg5 f6 11. Be3 Bxd6 12. Nc3 Nb4 13. Be2 Bc6 14. 0-0 0-0 15. Nd2 f5 16. Nf3 N4d5 17. Bd2 Qf6 18. Qc1 h6 19. Re1 Rac8 20. Qd1 Rfe8 21. Bf1 Nd7 22. Rc1 Kh8 23. a3 a6 24. Nxd5 Bxd5 25. Bc3 Bf4 26. Ra1 Red8 27. Ne5 Bxe5 28. dxe5 Qg6 29. Qd3 Nc5 30. Qg3 Qf7 31. f3 Nb3 32. Rad1 a5 33. Qf2 Qc7 34. Qh4 b5 35. Kh1 Qb7 36. Re3 Rd7 37. Bd3 Rdc7 38. Rde1 Qb6 39. Bc2 b4 40. axb4 axb4 41. Bxb3 bxc3 42. Bxd5 c2 43. Rb3 Qa5 44. Rc3 Rxc3 45. bxc3 Qxc3 46. Rc1 Qd2 47. Rxc2 Qd1+ 0-1

[Event "POL-chT 2nd League"]
[Site "Jastrzebia Gora"]
[Date "2022.09.10"]
[Round "8.53"]
[White "Orlik, Sandra"]
[Black "Rejniak, Zuzanna"]
[Result "1-0"]
[WhiteElo "1840"]
[BlackElo "1834"]
[PlyCount "103"]
[EventDate "2022.09.03"]
[EventType "team-swiss"]
[EventRounds "9"]
[EventCountry "POL"]
[SourceTitle "CBM 210 Extra"]
[Source "ChessBase"]
[SourceDate "2022.11.30"]
[SourceVersion "1"]
[SourceVersionDate "2022.11.30"]
[SourceQuality "1"]
[WhiteTeam "Czestochowa Hetman"]
[BlackTeam "Warszawa Czternastka"]
[WhiteTeamCountry "POL"]
[BlackTeamCountry "POL"]

1. d4 Nf6 2. Nf3 g6 3. Bf4 Bg7 4. e3 d5 5. Bd3 0-0 6. Nbd2 c5 7. c3 b6 8. Ne5 Nbd7 9. Qe2 Bb7 10. g4 Ne4 11. Nxd7 Qxd7 12. g5 Nxd2 13. Qxd2 e5 14. Bxe5 Bxe5 15. dxe5 Qe7 16. f4 c4 17. Bf1 d4 18. Rg1 d3 19. Bg2 Bxg2 20. Qxg2 b5 21. Qc6 Rfc8 22. Qe4 b4 23. a4 bxc3 24. bxc3 Rab8 25. Kf2 Rb2+ 26. Kg3 Rc2 27. Qd4 Qc5 28. Qxc5 Rxc5 29. Rgc1 Re2 30. Kf3 Rxh2 31. Ke4 Rb2 32. Rab1 d2 33. Rd1 Rb3 34. Rxb3 cxb3 35. Kd3 Ra5 36. Rxd2 Rxa4 37. Rb2 Ra3 38. Kc4 Ra4+ 39. Kxb3 Re4 40. Re2 h6 41. gxh6 f6 42. exf6 Re6 43. Kc4 Rxf6 44. Kd5 Rf5+ 45. Kd4 Kh7 46. c4 Kxh6 47. c5 Rf7 48. c6 Rf6 49. Rc2 Rf8 50. c7 Rc8 51. Kd5 a5 52. Kd6 1-0

[Event "POL-chT 2nd League"]
[Site "Jastrzebia Gora"]
[Date "2022.09.05"]
[Round "3.17"]
[White "Rejniak, Zuzanna"]
[Black "Goraj, Barbara"]
[Result "0-1"]
[WhiteElo "1834"]
[BlackElo "2121"]
[PlyCount "98"]
[EventDate "2022.09.03"]
[EventType "team-swiss"]
[EventRounds "9"]
[EventCountry "POL"]
[SourceTitle "CBM 210 Extra"]
[Source "ChessBase"]
[SourceDate "2022.11.30"]
[SourceVersion "1"]
[SourceVersionDate "2022.11.30"]
[SourceQuality "1"]
[WhiteTeam "Warszawa Czternastka"]
[BlackTeam "Grudziadz Rotmistrz"]
[WhiteTeamCountry "POL"]
[BlackTeamCountry "POL"]

1. e4 c5 2. c3 Nf6 3. e5 Nd5 4. Nf3 Nc6 5. d4 cxd4 6. cxd4 d6 7. Bc4 e6 8. 0-0 Be7 9. Qe2 0-0 10. Nc3 Nxc3 11. bxc3 dxe5 12. dxe5 Qc7 13. Bd3 b6 14. Re1 Bb7 15. Qe4 g6 16. Qf4 Rfd8 17. Be4 Bf8 18. Qg3 Ne7 19. Ng5 Nd5 20. c4 Nb4 21. Qh3 h6 22. Bxg6 fxg6 23. Qxe6+ Kh8 24. Nf7+ Kh7 25. Nxd8 Rxd8 26. Ba3 Bc8 27. Qf6 Bg7 28. Qxd8 Qxd8 29. Bxb4 Qd4 30. Rac1 Be6 31. Bd6 Bxc4 32. e6 Qxd6 33. Rxc4 Bf6 34. Rec1 Bd8 35. Rc6 Qd5 36. e7 Bxe7 37. Rc7 Qe4 38. Rxa7 h5 39. g3 Kh6 40. h4 Bc5 41. Rf7 Qd5 42. Rf4 Qxa2 43. Rd1 Qb3 44. Rfd4 Bxd4 45. Rxd4 Qc3 46. Rd7 Qf3 47. Rd6 b5 48. Rb6 Qd5 49. Kh2 Qd4 0-1

[Event "POL-ch U16 Girls"]
[Site "Sypniewo"]
[Date "2022.03.27"]
[Round "9"]
[White "Tokarz, Izabela"]
[Black "Rejniak, Zuzanna"]
[Result "0-1"]
[WhiteElo "1796"]
[BlackElo "1816"]
[PlyCount "88"]
[EventDate "2022.03.19"]
[EventType "swiss"]
[EventRounds "9"]
[EventCountry "POL"]
[SourceTitle "CBM 207 Extra"]
[Source "ChessBase"]
[SourceDate "2022.05.31"]
[SourceVersion "1"]
[SourceVersionDate "2022.05.31"]
[SourceQuality "1"]

1. d4 Nf6 2. c4 e6 3. Nc3 Bb4 4. a3 Bxc3+ 5. bxc3 0-0 6. e3 c5 7. Bd3 Nc6 8. Nf3 d5 9. cxd5 exd5 10. 0-0 c4 11. Bb1 b5 12. Nd2 Re8 13. Re1 Bg4 14. f3 Bh5 15. g4 Bg6 16. Bxg6 hxg6 17. Rb1 Rb8 18. e4 dxe4 19. fxe4 Nxd4 20. cxd4 Qxd4+ 21. Kg2 c3 22. Rb4 Qb6 23. Nc4 Qe6 24. Nd6 Rbd8 25. Rd4 c2 26. Qd3 Qxg4+ 27. Qg3 Qd7 28. Nxe8 Qxd4 29. Nxf6+ Qxf6 30. Bg5 Qb2 31. Bc1 Qb1 32. Qe3 a5 33. Qc3 b4 34. axb4 axb4 35. Qc7 Rf8 36. Bd2 b3 37. Rc1 b2 38. Rxc2 Qa2 39. Qd6 b1Q 40. Rxa2 Qxa2 41. Kf3 Qc4 42. Be3 Qf1+ 43. Kg3 Qe2 44. Bc5 Re8 0-1

[Event "POL-ch U16 Girls"]
[Site "Sypniewo"]
[Date "2022.03.25"]
[Round "7"]
[White "Zybrant, Sandra"]
[Black "Rejniak, Zuzanna"]
[Result "0-1"]
[WhiteElo "1269"]
[BlackElo "1816"]
[PlyCount "40"]
[EventDate "2022.03.19"]
[EventType "swiss"]
[EventRounds "9"]
[EventCountry "POL"]
[SourceTitle "CBM 207 Extra"]
[Source "ChessBase"]
[SourceDate "2022.05.31"]
[SourceVersion "1"]
[SourceVersionDate "2022.05.31"]
[SourceQuality "1"]

1. e4 d6 2. d4 Nf6 3. Bd3 e5 4. dxe5 dxe5 5. Nf3 Nc6 6. 0-0 Bg4 7. c3 Qd7 8. Qe2 0-0-0 9. Bc2 Bd6 10. Be3 Kb8 11. b4 Ne7 12. Nbd2 Ng6 13. Rfd1 Nh4 14. Bg5 Ng6 15. Nc4 h6 16. Nxd6 cxd6 17. Bc1 Nh4 18. Bd3 Bxf3 19. gxf3 Qh3 20. Qf1 Nxf3+ 0-1

[Event "POL-ch U16 Girls"]
[Site "Sypniewo"]
[Date "2022.03.24"]
[Round "6"]
[White "Rejniak, Zuzanna"]
[Black "Starosta, Martyna"]
[Result "1/2-1/2"]
[WhiteElo "1816"]
[BlackElo "1894"]
[PlyCount "146"]
[EventDate "2022.03.19"]
[EventType "swiss"]
[EventRounds "9"]
[EventCountry "POL"]
[SourceTitle "CBM 207 Extra"]
[Source "ChessBase"]
[SourceDate "2022.05.31"]
[SourceVersion "1"]
[SourceVersionDate "2022.05.31"]
[SourceQuality "1"]

1. e4 e6 2. d4 d5 3. Nc3 Nf6 4. Bg5 Bb4 5. e5 h6 6. exf6 hxg5 7. fxg7 Rg8 8. a3 Be7 9. h3 Bf6 10. Nf3 c5 11. dxc5 Qa5 12. Qd2 Qxc5 13. Nxg5 Rxg7 14. h4 Nc6 15. 0-0-0 Nd4 16. Kb1 Nf5 17. Bb5+ Kf8 18. Bd3 Bxc3 19. Qxc3 Qxc3 20. bxc3 f6 21. Bxf5 fxg5 22. Bg4 gxh4 23. Rxh4 Ke7 24. Bf3 Bd7 25. c4 Bc6 26. cxd5 Bxd5 27. Bxd5 exd5 28. Rxd5 Rxg2 29. Rh7+ Ke6 30. Rdd7 Rxf2 31. Rhe7+ Kf6 32. Rxb7 Rf5 33. Rf7+ Ke6 34. Rxf5 Kxf5 35. Re7 Rb8+ 36. Kc1 a6 37. Re3 Rb6 38. Kd2 Rd6+ 39. Kc3 Rb6 40. Kc4 Rc6+ 41. Kb3 Rb6+ 42. Kc4 Rc6+ 43. Kb3 Rb6+ 44. Ka4 Rc6 45. Re2 Rc4+ 46. Ka5 Rc3 47. Kb4 Rc8 48. c4 Rb8+ 49. Kc3 Rc8 50. Re7 Rc6 51. Kd4 Rd6+ 52. Kc5 Rd3 53. a4 Ra3 54. Kb4 Ra1 55. Ra7 Ke6 56. Rxa6+ Kd7 57. Kc5 Kc7 58. Ra7+ Kb8 59. Ra5 Kc7 60. Ra6 Kb7 61. Rb6+ Kc7 62. Rb4 Ra2 63. Kb5 Kb7 64. c5 Ra1 65. a5 Ra2 66. c6+ Kc7 67. a6 Ra1 68. Rb2 Ra3 69. Rh2 Rb3+ 70. Ka4 Rb1 71. Rh6 Kb6 72. a7 Ra1+ 73. Kb4 Rxa7 1/2-1/2

[Event "POL-ch U16 Girls"]
[Site "Sypniewo"]
[Date "2022.03.21"]
[Round "3"]
[White "Biniak, Zuzanna"]
[Black "Rejniak, Zuzanna"]
[Result "1-0"]
[WhiteElo "1257"]
[BlackElo "1816"]
[PlyCount "62"]
[EventDate "2022.03.19"]
[EventType "swiss"]
[EventRounds "9"]
[EventCountry "POL"]
[SourceTitle "CBM 207 Extra"]
[Source "ChessBase"]
[SourceDate "2022.05.31"]
[SourceVersion "1"]
[SourceVersionDate "2022.05.31"]
[SourceQuality "1"]

1. Nf3 Nf6 2. g3 g6 3. Bg2 Bg7 4. d3 d5 5. Nbd2 0-0 6. 0-0 c5 7. e4 Nc6 8. c3 dxe4 9. dxe4 Bg4 10. Qc2 Qc8 11. Re1 Rb8 12. a4 b5 13. axb5 Rxb5 14. Nc4 Nd7 15. h3 Bxf3 16. Bxf3 Nde5 17. Nxe5 Nxe5 18. Bg2 c4 19. Rxa7 Nd3 20. Rd1 Qb8 21. Ra2 f5 22. exf5 Rbxf5 23. Be3 Qb3 24. Qxb3 cxb3 25. Ra7 Nxb2 26. Rdd7 Nc4 27. Bd5+ Rxd5 28. Rxd5 Nxe3 29. fxe3 Bxc3 30. Rb5 b2 31. Rxe7 Rd8 1-0

[Event "Poronin Tatra Limba op"]
[Site "Poronin"]
[Date "2022.01.10"]
[Round "7"]
[White "Rejniak, Zuzanna"]
[Black "Kowalczyk, Pawel"]
[Result "0-1"]
[WhiteElo "1799"]
[BlackElo "2334"]
[PlyCount "54"]
[EventDate "2022.01.06"]
[EventType "swiss"]
[EventRounds "9"]
[EventCountry "POL"]
[SourceTitle "CBM 206 Extra"]
[Source "ChessBase"]
[SourceDate "2022.03.31"]
[SourceVersion "1"]
[SourceVersionDate "2022.03.31"]
[SourceQuality "1"]

1. e4 c5 2. Nf3 d6 3. Bb5+ Nd7 4. Ba4 a6 5. c4 Ngf6 6. Nc3 g6 7. 0-0 Bg7 8. d3 0-0 9. h3 Ne8 10. Bc2 Nc7 11. Be3 b5 12. Rb1 Nb6 13. Qe2 Be6 14. Bb3 Qd7 15. Nd5 Bxd5 16. exd5 Rfe8 17. Rfd1 e5 18. dxe6 Nxe6 19. Qf1 d5 20. d4 bxc4 21. dxc5 cxb3 22. cxb6 bxa2 23. Ra1 Qa4 24. Rd2 d4 25. b3 Qb4 26. Raxa2 dxe3 27. fxe3 Qxb6 0-1

[Event "Poronin Tatra Limba op"]
[Site "Poronin"]
[Date "2022.01.06"]
[Round "1"]
[White "Rejniak, Zuzanna"]
[Black "Zylka, Stanislaw"]
[Result "1/2-1/2"]
[WhiteElo "1799"]
[BlackElo "2400"]
[PlyCount "122"]
[EventDate "2022.01.06"]
[EventType "swiss"]
[EventRounds "9"]
[EventCountry "POL"]
[SourceTitle "CBM 206 Extra"]
[Source "ChessBase"]
[SourceDate "2022.03.31"]
[SourceVersion "1"]
[SourceVersionDate "2022.03.31"]
[SourceQuality "1"]

1. e4 c5 2. Nf3 e6 3. d4 cxd4 4. Nxd4 Nc6 5. Nxc6 bxc6 6. Bd3 d5 7. 0-0 Nf6 8. Nc3 Be7 9. e5 Nd7 10. f4 0-0 11. Qe2 f5 12. exf6 Nxf6 13. b3 e5 14. fxe5 Bc5+ 15. Be3 Bg4 16. Qe1 d4 17. Bf2 Re8 18. Na4 Bf8 19. Bh4 Qd7 20. Bxf6 gxf6 21. Qg3 Kh8 22. exf6 Re3 23. Qh4 Be2 24. Bf5 Qf7 25. Qxd4 Rae8 26. Rf4 Bh6 27. Rh4 Bh5 28. Qd7 Bg5 29. Qxf7 Re1+ 30. Rxe1 Rxe1+ 31. Kf2 Bxh4+ 32. g3 Bxf7 33. Kxe1 Bxf6 34. Be4 Be8 35. Kd2 Bd4 36. c3 Bg1 37. h3 c5 38. Nb2 Bf7 39. a3 Bxb3 40. Bd3 Be6 41. g4 Kg7 42. Nc4 h6 43. Ne3 Kf6 44. Nf5 h5 45. Ne3 hxg4 46. hxg4 Bxe3+ 47. Kxe3 Bxg4 48. Bb5 Ke5 49. Bc4 Bh3 50. Bf7 Bf1 51. Bg8 Kd6 52. Kd2 Kc6 53. Kc1 Kb5 54. Kb2 Be2 55. Bf7 Kc6 56. Bg6 Kd5 57. Bf7+ Ke4 58. Be8 Bc4 59. Bg6+ Ke3 60. Be8 Kd2 61. Bg6 a5 1/2-1/2

[Event "Poronin Tatra Limba op"]
[Site "Poronin"]
[Date "2022.01.06"]
[Round "2"]
[White "Starosciak, Szymon"]
[Black "Rejniak, Zuzanna"]
[Result "1/2-1/2"]
[WhiteElo "1986"]
[BlackElo "1799"]
[PlyCount "122"]
[EventDate "2022.01.06"]
[EventType "swiss"]
[EventRounds "9"]
[EventCountry "POL"]
[SourceTitle "CBM 206 Extra"]
[Source "ChessBase"]
[SourceDate "2022.03.31"]
[SourceVersion "1"]
[SourceVersionDate "2022.03.31"]
[SourceQuality "1"]

1. e4 c5 2. Nf3 d6 3. d4 cxd4 4. Nxd4 Nf6 5. Nc3 a6 6. Be2 e5 7. Nb3 Be7 8. Bg5 Be6 9. Bxf6 Bxf6 10. Qd3 Nc6 11. 0-0-0 Qb6 12. Rhf1 Rd8 13. Nd5 Bxd5 14. Qxd5 0-0 15. Kb1 Ne7 16. Qa5 Qc6 17. Bf3 b5 18. Qd2 Nc8 19. Na5 Qc7 20. a3 Nb6 21. c3 Na4 22. Nb3 Nc5 23. Na1 d5 24. exd5 e4 25. Bg4 Be5 26. f4 exf3 27. g3 Na4 28. Rxf3 a5 29. Qc2 Qc4 30. Bf5 g6 31. Bd3 Qxd5 32. Rff1 Qb7 33. Qb3 Rb8 34. Rde1 Nc5 35. Qc2 Nxd3 36. Qxd3 Bg7 37. Nc2 Qg2 38. Qe2 Qd5 39. Rd1 Qb7 40. h4 Qc7 41. Rf3 Rfd8 42. Rdf1 Rd7 43. h5 Qd8 44. hxg6 fxg6 45. R3f2 Rb6 46. Rh1 Qe7 47. Qf1 Rdd6 48. Qh3 h6 49. Qc8+ Qd8 50. Qg4 Qd7 51. Qf3 Qb7 52. Qxb7 Rxb7 53. Re1 Rd3 54. Re8+ Kh7 55. g4 Rg3 56. Rf4 Rg1+ 57. Ka2 Rg2 58. Ne1 Rg3 59. Nc2 Rg2 60. Ne1 Rg3 61. Nc2 Rg2 1/2-1/2